[Event "AUTO-INT-3518"]
[Site "http://www.queenalice.com/game.php?id=1605700"]
[Date "2020.4.4"]
[Round "1"]
[White "mitchelli3131"]
[Black "papyrusmoon"]
[Result "1-0"]
[WhiteElo "1368"]
[BlackElo "1419"]

1. e4 e5 2. Nf3 Nc6 3. Nc3 Nf6 4. Nd5 Nxe4 5. Bd3 f5 6. O-O d6 7. Re1 Be6 8. Nc3
g5 9. Bxe4 g4 10. Nxe5 Nxe5 11. Bd3 h5 12. b3 Qg5 13. Nb5 c6 14. Nc7+ Kf7 15.
Nxa8 Qd8 16. Bc4 Qxa8 17. d3 Qd8 18. d4 Ng6 19. Bxe6+ Ke7 20. Bg5+ Ke8 21. Bxd8
Kxd8 22. Bxf5 Nh4 23. Qd3 Bg7 24. Re7 Kxe7 25. g3 Nf3+ 26. Kg2 Rf8 27. Qe3+ Kd8
28. Qe6 Kc7 29. a4 Nxd4 30. Qd7+ Kb6 31. Bd3 Rf3 32. Qd8+ Kc5 33. Qg5+ Be5 34.
Qxh5 Kd5 35. Bc4+ Kc5 36. Rd1 b5 37. Qxg4 Rc3 38. Bf7 Rxc2 39. Qg5 bxa4 40. bxa4
a5 41. Kh3 Nf3 42. Qe3+ Nd4 43. Qa3+ Kb6 44. Bg6 Ne6 45. Bxc2 Ng5+ 46. Kg4 Ne6
47. Rb1+ Kc7 48. Bf5 Nd4 49. Qb2 d5 50. Qb7+ Kd6 51. Qd7+ Kc5 52. Rc1+ Kb6 53.
Rb1+ Kc5 54. Qe7+ Kc4 55. Qxe5 Kc3 56. Rd1 Kc4 57. Qxd4+ Kb3 58. Rb1+ Ka2 59.
Qb2# 1-0

[Event "AUTO-INT-3518"]
[Site "http://www.queenalice.com/game.php?id=1605701"]
[Date "2020.4.4"]
[Round "1"]
[White "papyrusmoon"]
[Black "mitchelli3131"]
[Result "0-1"]
[WhiteElo "1401"]
[BlackElo "1386"]

1. e4 e5 2. Nf3 Nc6 3. d4 f6 4. Nc3 Nge7 5. Bc4 d6 6. O-O Bg4 7. h3 Bh5 8. a3 f5
9. Bg5 h6 10. Bh4 g5 11. Qd3 Bg7 12. Nd5 gxh4 13. exf5 exd4 14. Qe4 Bf7 15. f6
Bxd5 16. Bxd5 Bxf6 17. Rae1 a5 18. Qe6 Rf8 19. Re4 Qd7 20. Qxd7+ Kxd7 21. c3 d3
22. Be6+ Kd8 23. Rd1 Ne5 24. Nd4 d5 25. Rf4 Ra6 26. Nb5 Rxe6 27. Nd4 Rb6 28. b4
axb4 29. axb4 Ra6 30. b5 Ra2 31. Ne6+ Ke8 32. Nxc7+ Kf7 33. b6 Nc8 34. Nxd5 Kg6
35. g3 Ne7 36. Ne3 d2 37. gxh4 Bg7 38. h5+ Kg5 39. Re4 Nf3+ 40. Kg2 Bxc3 41. h4+
Kf6 42. Rf4+ Ke6 43. Rxf8 Nxh4+ 44. Kh3 Nhg6 45. Rb8 Nf4+ 46. Kg3 Be5 47. Rxb7
Nf5+ 48. Kf3 Nd4+ 49. Ke4 Nde2 50. Ng4 Ra4+ 51. Ke3 Ra3+ 52. Kxd2 Bc3+ 53. Ke3
Bd4+ 54. Kd2 Nc3 55. Re1+ Kf5 56. Rf7+ Kxg4 57. b7 Ra2+ 58. Kc1 Nd3# 0-1

[Event "AUTO-INT-3518"]
[Site "http://www.queenalice.com/game.php?id=1605702"]
[Date "2020.4.4"]
[Round "1"]
[White "mitchelli3131"]
[Black "zecafernandes"]
[Result "1-0"]
[WhiteElo "1355"]
[BlackElo "1304"]

1. e4 a6 2. Nf3 d5 3. e5 Nc6 4. d4 f6 5. exf6 Nxf6 6. Nc3 h6 7. Bd3 Ng4 8. O-O
e6 9. h3 Nf6 10. Ne5 Nxe5 11. dxe5 Nh7 12. Be3 d4 13. Bd2 dxc3 14. Bxc3 b5 15.
Qf3 Ra7 16. Ba5 Bb7 17. Qh5+ Ke7 18. Rad1 Bd5 19. Bg6 Kd7 20. Qg4 Rb7 21. Rxd5+
Ke7 22. Rxd8 Kxd8 23. Rd1+ Kc8 24. Qxe6+ Kb8 25. Rd8+ Ka7 26. Qe8 c6 27. Ra8#
1-0

[Event "AUTO-INT-3518"]
[Site "http://www.queenalice.com/game.php?id=1605703"]
[Date "2020.4.4"]
[Round "1"]
[White "zecafernandes"]
[Black "mitchelli3131"]
[Result "0-1"]
[WhiteElo "1283"]
[BlackElo "1354"]

1. e4 e5 2. a3 Bc5 3. Nf3 Nc6 4. Bc4 Nd4 5. Nxe5 Nh6 6. d3 d6 7. b4 Bb6 8. Bxh6
gxh6 9. Nxf7 Qf6 10. Qh5 Be6 11. Nxh8+ Kd7 12. O-O Qxh8 13. Bxe6+ Kxe6 14. Qg4+
Kf6 15. Qf4+ Ke7 16. Qh4+ Kd7 17. Qg4+ Kc6 18. Nc3 Nxc2 19. Rac1 Qxc3 20. Qe2
Qg7 21. Rxc2+ Kb5 22. Kh1 c6 23. d4+ Ka4 24. Rc3 Qxd4 25. Qc2+ Kb5 26. Rd1 Qe5
27. Qd3+ Ka4 28. Qc2+ Kb5 29. f3 Rg8 30. Qd3+ Ka4 31. Rb1 Qg5 32. b5 Qxg2# 0-1

[Event "AUTO-INT-3518"]
[Site "http://www.queenalice.com/game.php?id=1605704"]
[Date "2020.4.4"]
[Round "1"]
[White "mitchelli3131"]
[Black "caradepau"]
[Result "0-1"]
[WhiteElo "1362"]
[BlackElo "1579"]

1. e4 e5 2. Nf3 Nc6 3. c3 a6 4. Na3 Bxa3 5. bxa3 d6 6. Bc4 h6 7. d3 Nf6 8. O-O
Qe7 9. Rb1 b5 10. Bb3 O-O 11. Be3 Be6 12. d4 Bxb3 13. Qxb3 Nxe4 14. d5 Na7 15.
Rbd1 c5 16. a4 bxa4 17. Qxa4 Nxc3 18. Qg4 Nxd1 19. Rxd1 Nb5 20. Bxh6 f5 21. Qg5
Qxg5 22. Nxg5 gxh6 23. Ne6 Rf7 24. Rd3 c4 25. Rg3+ Kh7 26. h4 c3 27. a4 f4 28.
Rg4 Nd4 29. g3 fxg3 30. Rxg3 Ne2+ 31. Kg2 Rc8 32. Kf1 Nxg3+ 33. Kg2 c2 0-1

[Event "AUTO-INT-3518"]
[Site "http://www.queenalice.com/game.php?id=1605705"]
[Date "2020.4.4"]
[Round "1"]
[White "caradepau"]
[Black "mitchelli3131"]
[Result "1-0"]
[WhiteElo "1543"]
[BlackElo "1377"]

1. e4 e5 2. Bc4 Nh6 3. d3 Bb4+ 4. Bd2 a5 5. Bxb4 axb4 6. Nf3 d6 7. h3 Be6 8.
Bxe6 fxe6 9. Nbd2 Nc6 10. c3 d5 11. O-O dxe4 12. dxe4 Na5 13. cxb4 Nc6 14. Nc4
Nxb4 15. Qxd8+ Rxd8 16. Rfd1 Nc2 17. Rxd8+ Kxd8 18. Rd1+ Kc8 19. Nfxe5 Nb4 20.
a4 Na2 21. Rd7 Nb4 22. Rxg7 Rg8 23. Rxh7 Nf5 24. g4 Nd4 25. a5 Ne2+ 26. Kh2 Nd3
27. Re7 Rh8 28. Nxd3 b5 29. axb6 cxb6 30. Nxb6+ Kd8 31. Rxe6 Nd4 32. Rd6+ 1-0

[Event "AUTO-BEG-669"]
[Site "http://www.queenalice.com/game.php?id=1605916"]
[Date "2020.4.4"]
[Round "1"]
[White "Torbencarlsen"]
[Black "mitchelli3131"]
[Result "1-0"]
[WhiteElo "1668"]
[BlackElo "1387"]

1. e4 e5 2. Nf3 Nc6 3. d4 f6 4. d5 Nce7 5. Bc4 d6 6. Nc3 Bg4 7. Be3 Bxf3 8. Qxf3
Nh6 9. Bb5+ c6 10. Be2 Qa5 11. Bxh6 gxh6 12. Qxf6 Bg7 13. Qxg7 Rg8 14. Qxh7 Qb4
15. O-O-O Rc8 16. Qxh6 Rxg2 17. Rhg1 Rxf2 18. Qe6 Rc7 19. Rg8+ Rf8 20. Bh5+ Kd8
21. Rxf8# 1-0

[Event "AUTO-BEG-669"]
[Site "http://www.queenalice.com/game.php?id=1605917"]
[Date "2020.4.4"]
[Round "1"]
[White "mitchelli3131"]
[Black "Torbencarlsen"]
[Result "0-1"]
[WhiteElo "1348"]
[BlackElo "1735"]

1. e4 e5 2. Nf3 Nc6 3. Nc3 Nf6 4. Bb5 Nd4 5. Nxd4 exd4 6. Nd5 Nxd5 7. exd5 Qe7+
8. Qe2 b6 9. d3 Bb7 10. Qxe7+ Kxe7 11. Bg5+ f6 12. Bh4 Bxd5 13. O-O Re8 14.
Rae1+ Kd8 15. Bc4 Rxe1 16. Rxe1 Bxc4 17. dxc4 Bd6 18. a4 Re8 19. Rd1 Re2 20. g4
g5 0-1

[Event "AUTO-BEG-669"]
[Site "http://www.queenalice.com/game.php?id=1605928"]
[Date "2020.4.4"]
[Round "1"]
[White "goodknight57"]
[Black "mitchelli3131"]
[Result "1-0"]
[WhiteElo "1488"]
[BlackElo "1389"]

1. d4 e6 2. c4 Bb4+ 3. Bd2 Bd6 4. e3 c5 5. Nc3 a6 6. Ne4 Bc7 7. Nxc5 b6 8. Nb3
Nf6 9. Bd3 Nc6 10. Nf3 Nb4 11. Bxb4 a5 12. Bc3 a4 13. Nbd2 Bb7 14. O-O a3 15.
Qb3 O-O 16. bxa3 Bd6 17. Bb4 Qc7 18. Bxd6 Qxd6 19. a4 Bc6 20. Qxb6 Rab8 21. Qc5
Qxc5 22. dxc5 Bxa4 23. Rfb1 Ng4 24. Rxb8 Rxb8 25. h3 Nf6 26. Rb1 Rc8 27. Rb4 Bc6
28. Ne5 d6 29. cxd6 Bb7 30. Rxb7 Ne8 31. d7 Rd8 32. Nc6 Rxd7 33. Rxd7 g6 34. Rd8
Kf8 35. Ne4 1-0

[Event "AUTO-BEG-669"]
[Site "http://www.queenalice.com/game.php?id=1605929"]
[Date "2020.4.4"]
[Round "1"]
[White "mitchelli3131"]
[Black "goodknight57"]
[Result "0-1"]
[WhiteElo "1403"]
[BlackElo "1446"]

1. e4 c5 2. Nc3 Nc6 3. Nf3 e6 4. Nb5 a6 5. Nbd4 cxd4 6. Bc4 d5 7. exd5 exd5 8.
Bd3 Nf6 9. Ng5 h6 10. Nf3 Bg4 11. h3 Be6 12. O-O Bc5 13. c3 dxc3 14. dxc3 O-O
15. Be3 Bxe3 16. fxe3 b5 17. Nd2 Ne5 18. Bc2 Qb6 19. Qe1 Nc4 20. b3 Nxd2 21.
Qxd2 Rfc8 22. Qf2 Rxc3 23. Rfe1 Rac8 24. e4 Qxf2+ 25. Kxf2 Rxc2+ 26. Re2 Nxe4+
27. Ke3 R8c3+ 28. Kd4 Rxe2 29. g4 Rd2+ 30. Ke5 Rf3 31. Rc1 Kf8 32. Rc6 Ke7 33.
Rxa6 f6# 0-1

[Event "Challenge"]
[Site "http://www.queenalice.com/game.php?id=1606548"]
[Date "2020.4.8"]
[Round "-"]
[White "mitchelli3131"]
[Black "jesuitaseregueifas"]
[Result "0-1"]
[WhiteElo "1314"]
[BlackElo "1091"]

1. e4 b5 2. Bxb5 c6 3. Be2 g6 4. Nf3 Bg7 5. d4 Ba6 6. Ne5 d6 7. Ng4 d5 8. e5 e6
9. Nc3 h5 10. Ne3 Nh6 11. b4 Qb6 12. a3 Ng4 13. Bxg4 hxg4 14. Nxg4 Rh4 15. g3
Rh5 16. Na4 Qb5 17. c3 f5 18. Ne3 Qd3 19. Qxd3 Bxd3 20. Kd2 Bb5 21. Nc5 Ke7 22.
a4 Ba6 23. b5 cxb5 24. axb5 Bxb5 25. c4 dxc4 26. Ba3 Na6 27. Nxa6+ Ke8 28. Nc7+
Kf7 29. Nxa8 Bc6 30. Rhc1 Bxa8 31. Rxc4 Rxh2 32. Rc7+ Kg8 33. Rc8+ Kh7 34. Rxa8
Rxf2+ 35. Kd3 Rf3 36. Rxa7 Rxg3 37. Rh1+ Kg8 38. Rh8+ Kxh8 39. Ke2 g5 40. Kf2
Rh3 41. Ra8+ Kh7 42. d5 exd5 43. e6 f4 44. Nf5 Bh6 45. Ra7+ Kg6 46. Nd4 Bg7 47.
e7 Bxd4+ 48. Kg2 Rh8 49. Ra6+ Kf5 50. Rd6 Ke5 51. Rd8 Ke4 52. Rxh8 Bxh8 53.
e8=Q+ Be5 54. Bb2 d4 55. Qg6+ Ke3 56. Qe6 Ke4 57. Qg6+ Ke3 58. Qxg5 d3 59. Qxe5+
Kd2 60. Bc3+ Kc2 61. Qe1 Kb3 62. Be5 f3+ 63. Kxf3 Kc2 0-1

[Event "AUTO-INT-3526"]
[Site "http://www.queenalice.com/game.php?id=1608586"]
[Date "2020.4.20"]
[Round "1"]
[White "belzinha"]
[Black "mitchelli3131"]
[Result "1-0"]
[WhiteElo "1629"]
[BlackElo "1358"]

1. e4 e5 2. Nf3 Nc6 3. Nc3 Nf6 4. Bc4 Bc5 5. d3 Ng4 6. Be3 Bxe3 7. fxe3 Nxe3 8.
Qd2 Ng4 9. Ng5 Nh6 10. O-O O-O 11. a4 Nd4 12. Nf3 Ng4 13. Nxd4 exd4 14. Nd5 Qh4
15. h3 1-0

[Event "AUTO-INT-3526"]
[Site "http://www.queenalice.com/game.php?id=1608587"]
[Date "2020.4.20"]
[Round "1"]
[White "mitchelli3131"]
[Black "belzinha"]
[Result "0-1"]
[WhiteElo "1353"]
[BlackElo "1634"]

1. e4 e5 2. Nf3 Nc6 3. Nc3 h6 4. Bc4 Bc5 5. d3 Nf6 6. O-O d6 7. Nd5 Nxd5 8. exd5
Nd4 9. Nxd4 Bxd4 10. c3 Bc5 11. d4 Bb6 12. Qh5 Qf6 13. Be3 e4 14. a3 Qg6 15.
Qxg6 fxg6 16. Bb5+ Bd7 0-1

[Event "AUTO-INT-3526"]
[Site "http://www.queenalice.com/game.php?id=1608598"]
[Date "2020.4.20"]
[Round "1"]
[White "byyonico"]
[Black "mitchelli3131"]
[Result "1-0"]
[WhiteElo "1556"]
[BlackElo "1382"]

1. e4 e5 2. Nf3 Nc6 3. Bb5 a6 4. Ba4 b5 5. Bb3 Bb4 6. O-O Nf6 7. Ng5 d5 8. exd5
Nxd5 9. Qf3 f6 10. Ne4 Nd4 11. Qg3 Ne2+ 12. Kh1 Nxg3+ 13. Nxg3 Nf4 14. c3 Bc5
15. Nf5 Bxf5 16. Re1 Nd3 17. Rf1 Bxf2 18. Na3 e4 19. Nc2 c5 20. a3 e3 21. dxe3
c4 22. Ba2 Be4 23. Nd4 f5 24. Bd2 Qh4 25. Bb1 Nxb2 26. Ne6 Rc8 27. Bxe4 fxe4 28.
Nxg7+ Kf7 29. Nf5 Qg4 30. Nd6+ Ke6 31. Nxc8 Rg8 32. Rxf2 Rxc8 33. Rf4 Qg5 34.
Raf1 Rg8 35. Rf6+ Ke7 36. Rf7+ Ke6 37. R1f2 Nd1 38. R2f6+ Ke5 39. Rf5+ Qxf5 40.
Rxf5+ Kxf5 41. h3 Rd8 42. Be1 Nxe3 43. g4+ Kg5 44. Bf2 Nc2 45. Bc5 Rd1+ 46. Kg2
Ne1+ 47. Kf2 Nd3+ 48. Ke2 Rh1 49. Be7+ Kg6 50. Ke3 Rxh3+ 51. Kxe4 Nc5+ 52. Bxc5
Rxc3 53. Be7 Rc2 54. Kd5 c3 55. Bb4 Kg5 56. Kd4 Rg2 57. Bxc3 Rxg4+ 58. Kc5 Rc4+
59. Kb6 Rxc3 60. Kxa6 Rb3 61. Kb6 h5 62. a4 bxa4+ 63. Ka5 1-0

[Event "AUTO-INT-3526"]
[Site "http://www.queenalice.com/game.php?id=1608599"]
[Date "2020.4.20"]
[Round "1"]
[White "mitchelli3131"]
[Black "byyonico"]
[Result "0-1"]
[WhiteElo "1368"]
[BlackElo "1616"]

1. e4 c5 2. d3 d6 3. Nf3 Nc6 4. Nc3 e6 5. Bf4 Nf6 6. h3 Be7 7. Be2 Nd4 8. e5
dxe5 9. Bxe5 O-O 10. O-O Bd6 11. Bxf6 Qxf6 12. Nb5 Nxb5 13. d4 Nxd4 14. c3 Nxe2+
15. Qxe2 b6 16. Qe4 Rb8 17. Rad1 Qe7 18. Ne5 Bb7 19. Nc6 Qc7 20. Qg4 Bxc6 21.
Rfe1 Qe7 22. b4 a6 23. h4 f5 24. Qg5 Qxg5 25. hxg5 Bf4 26. Rxe6 Be4 27. Rd7 Rf7
28. Rd1 h6 29. g6 Rf6 30. Re7 Rxg6 31. Ra7 cxb4 32. Rxa6 bxc3 33. g3 c2 0-1

[Event "AUTO-INT-3526"]
[Site "http://www.queenalice.com/game.php?id=1608604"]
[Date "2020.4.20"]
[Round "1"]
[White "salvachess"]
[Black "mitchelli3131"]
[Result "1-0"]
[WhiteElo "1400"]
[BlackElo "1373"]

1. e4 e5 2. a3 Nc6 3. Nf3 d6 4. Bb5 Bd7 5. Bxc6 Bxc6 6. d3 Nf6 7. Bg5 h6 8. Bxf6
Qxf6 9. O-O d5 10. b4 Ba4 11. Nc3 Bc6 12. exd5 e4 13. dxe4 Bd7 14. Qd2 Bd6 15.
h3 O-O 16. Ne2 Bb5 17. Ned4 Bxf1 18. Kxf1 Rae8 19. Qd3 c5 20. bxc5 Bxc5 21. Nb3
Rd8 22. Nxc5 Qxa1+ 23. Ne1 b6 24. Nb3 Qxa3 25. f3 Rc8 26. g4 Rfd8 27. Ke2 Rd6
28. c4 f6 29. Nc2 Qb2 30. Kd2 Rd7 31. Ke3 a5 32. Kd2 g6 33. f4 a4 34. Na1 a3 35.
Qxa3 Qxa3 36. Nxa3 Ra8 37. N1c2 Ra4 38. e5 fxe5 39. fxe5 Rf7 40. Kd3 Rf3+ 41.
Kd2 Rxh3 42. e6 1-0

[Event "AUTO-INT-3526"]
[Site "http://www.queenalice.com/game.php?id=1608605"]
[Date "2020.4.20"]
[Round "1"]
[White "mitchelli3131"]
[Black "salvachess"]
[Result "1-0"]
[WhiteElo "1345"]
[BlackElo "1521"]

1. e4 e5 2. Nf3 d6 3. d3 Bg4 4. h3 Bxf3 5. Qxf3 h6 6. Nc3 g5 7. Nd5 c6 8. Nb4 c5
9. Nd5 Nc6 10. Be2 Nge7 11. Nf6# 1-0

[Event "AUTO-INT-3528"]
[Site "http://www.queenalice.com/game.php?id=1609226"]
[Date "2020.4.25"]
[Round "1"]
[White "marinb1948"]
[Black "mitchelli3131"]
[Result "0-1"]
[WhiteElo "1163"]
[BlackElo "1300"]

1. a4 e5 2. a5 b6 3. axb6 cxb6 4. Ra4 d6 5. h4 Nf6 6. h5 Bg4 7. Nc3 Bxh5 8. f3
d5 9. g4 Bg6 10. e3 Bc5 0-1

[Event "AUTO-INT-3528"]
[Site "http://www.queenalice.com/game.php?id=1609240"]
[Date "2020.4.25"]
[Round "1"]
[White "krystian"]
[Black "mitchelli3131"]
[Result "1-0"]
[WhiteElo "1332"]
[BlackElo "1346"]

1. d4 d5 2. c4 Be6 3. Nc3 Nc6 4. e4 dxc4 5. d5 Nb4 6. Qa4+ Nc6 7. dxe6 fxe6 8.
Bxc4 Qd7 9. Be3 a6 10. Nf3 Nf6 11. O-O g6 12. Rad1 Qc8 13. Ng5 b5 14. Nxb5 axb5
15. Qxb5 Qa6 16. Qxa6 Rxa6 17. Bxa6 Nb4 18. Bb5+ c6 19. Ba4 Bh6 20. a3 Na6 21.
Bxc6+ Kf8 22. Rd8+ Kg7 23. Nxe6+ Kf7 24. Rxh8 Kxe6 25. Bxh6 Ng4 26. Bf4 1-0

[Event "AUTO-INT-3528"]
[Site "http://www.queenalice.com/game.php?id=1609241"]
[Date "2020.4.25"]
[Round "1"]
[White "mitchelli3131"]
[Black "krystian"]
[Result "0-1"]
[WhiteElo "1329"]
[BlackElo "1349"]

1. e4 c6 2. Nf3 d5 3. e5 Bf5 4. Bd3 Bxd3 5. cxd3 e6 6. Nc3 c5 7. Qa4+ Nc6 8. O-O
a6 9. Re1 Qc7 10. Ng5 h6 11. Nf3 Qd7 12. g3 f6 13. exf6 Nxf6 14. Ne5 Nxe5 15.
Rxe5 Kf7 16. Qxd7+ Nxd7 17. Re3 Ke7 18. b3 Kf7 19. a4 Ke7 20. Ba3 d4 21. Re2
dxc3 22. dxc3 b6 23. d4 Kf7 24. Bc1 cxd4 25. cxd4 Bb4 0-1

[Event "AUTO-INT-3528"]
[Site "http://www.queenalice.com/game.php?id=1609248"]
[Date "2020.4.25"]
[Round "1"]
[White "tche_elvio"]
[Black "mitchelli3131"]
[Result "0-1"]
[WhiteElo "1472"]
[BlackElo "1367"]

1. d4 d5 2. c4 e6 3. Nc3 Nf6 4. g3 Bb4 5. Bg2 dxc4 6. a3 Bxc3+ 7. Bd2 Bxd2+ 8.
Qxd2 c6 9. Nf3 Ne4 10. Qe3 f5 11. Ne5 Qa5+ 12. Kf1 Nd2+ 13. Kg1 Nd7 14. Nxd7
Bxd7 15. h4 h5 16. f4 O-O 17. Qc3 Qxc3 18. bxc3 Ne4 19. Bxe4 fxe4 20. e3 a5 21.
Kf2 g6 22. Rhg1 a4 23. g4 Kh7 24. gxh5 gxh5 25. Rab1 Ra5 26. Rxb7 Rf7 27. Rb4
Rg7 28. Rxg7+ Kxg7 29. Rb7 Rd5 30. Kg3 Kf6 31. Ra7 Be8 32. Rxa4 c5 33. Rxc4 cxd4
34. cxd4 Ra5 35. Rc3 Kg6 36. Kh3 Bd7 37. Kg3 Kf6 38. Kf2 Kf5 39. Rc5+ Rxc5 40.
dxc5 Kg4 41. Kg2 Kxh4 42. Kh2 Kg4 43. Kg2 h4 44. a4 Bxa4 45. Kh2 h3 0-1

[Event "AUTO-INT-3528"]
[Site "http://www.queenalice.com/game.php?id=1609249"]
[Date "2020.4.25"]
[Round "1"]
[White "mitchelli3131"]
[Black "tche_elvio"]
[Result "0-1"]
[WhiteElo "1369"]
[BlackElo "1386"]

1. e4 e6 2. Nf3 d6 3. d3 g6 4. d4 Bg7 5. Bc4 Ne7 6. Bg5 O-O 7. Nc3 a6 8. g3 b5
9. Bd3 Bb7 10. O-O c5 11. d5 e5 12. a3 Nd7 13. Nh4 h6 14. Bxe7 Qxe7 15. b4 cxb4
16. axb4 Rac8 17. f3 Rxc3 18. Qd2 Rc7 19. Ra3 Nb6 20. f4 exf4 21. Nf3 Nc4 22.
Bxc4 Rxc4 23. Nd4 Bxd4+ 24. Kg2 Qxe4+ 25. Kh3 Qf5+ 26. Kg2 Bxd5+ 27. Rff3 Bxf3+
28. Kxf3 fxg3+ 29. Kxg3 Be5+ 30. Kg2 Rg4+ 31. Kh3 Qh5# 0-1